Stranger Things Characters Quiz Stats

Quiz Updated Oct 21, 2016

Challenge
Share
Tweet
Score 0/20 Timer 02:00
35 Plays Today
% Correct
Eleven
91.8%
Joyce Byers
88.8%
Barbara Holland
88.6%
Dustin Henderson
88.3%
Nancy Wheeler
88.1%
Jim Hopper
88%
Jonathan Byers
87.5%
Will Byers
87.2%
Steve Harrington
86.2%
Mike Wheeler
85.7%
% Correct
Lucas Sinclair
84.5%
Karen Wheeler
83.3%
Ted Wheeler
81.8%
Holly Wheeler
74.5%
Benny Hammond
73.2%
Martin Brenner
72.9%
Lonnie Byers
72.6%
Scott Clarke
69.3%
Connie Frazier
67.5%
Terry Ives
63%

You're not logged in!

Compare scores with friends on all Sporcle quizzes.
Sign Up with Email
OR
Log In

You Might Also Like...

Show Comments

Extras

Top Quizzes Today


Score Distribution

Your Account Isn't Verified!

In order to create a playlist on Sporcle, you need to verify the email address you used during registration. Go to your Sporcle Settings to finish the process.